000 00665nam a2200145 a 4500
008 120927s1978 ||||||||||||||||| || u
020 _a0850661722
050 _aJX 1974 Sip
110 _aStockholm International Peace Research Institute (SIPRI)
245 1 0 _aArms control: a survey and appraisal of multilateral agreements
_cby Stockholm International Peace Research Institute [SIPRI]
260 _aLondon
_bTaylor & Francis
_c1978
300 _aviii, 238p.: ill.
650 _aNUCLEAR ARMS CONTROL--SOUTH AFRICA
995 _aSPECIAL COLLECTIONS
_e500176
_FCBU-DAG HAMMARSKJOLD INSTITUTE LIBRARY
_jDAG JX 1974 Sip
_M1
_UAVAILABLE
_WDec 28, 2012
_y500176
_ZDHIPS Book Collection
999 _c108
_d108